00982nam a2200277 i 4500001000300000003000900003005001700012008003900029015001700068040003500085080000700120100003400127245006100161260005600222300003900278380001700317490003800334504001200372521005500384650003400439655003000473650002400503710004200527830003700569856009800606bgKOSZ 00520200630132821.0071023s1968 pl a f f 001 0 pol aPB 1968/1867 aWA NcKOSZ 005/RWdKOSZ 005/RW a511 aRasiowa, Helenad(1917-1994).10aWstęp do matematyki współczesnej /cHelena Rasiowa. aWarszawa :bPaństwowe Wydawnictwo Naukowe,c1968. a302, [2] s. :bil., err. ;c25 cm. aKsiążki.1 aBiblioteka Matematyczna ;vt. 30. aIndeks.8 aPodręcznik dla 1. roku studiów matematycznych. 4aMatematykaxszkoły wyższe. 4aPodręczniki akademickie 4aLogika matematyczna2 aPaństwowe Wydawnictwo Naukowe4pbl. 0aBiblioteka Matematyczna,vt. 30. uhttp://koha.tu.koszalin.pl/cgi-bin/koha/opac-detail.pl?biblionumber=10880yKatalog online BPK